[Event "OP-2012-0-02431"]
[Site "LSS email"]
[Date "2012.09.30"]
[Round "?"]
[White "Szepe, Aaron"]
[Black "Pauk, Jozef"]
[Result "0-1"]
[WhiteElo "1400"]
[BlackElo "887"]
[PlyCount "32"]
[EventDate "2012.09.27"]
[EventType "tourn (corr)"]
[EventRounds "4"]
[EventCountry "GER"]
[SourceTitle "Corr 2015"]
[Source "ChessBase"]
[SourceDate "2015.07.17"]
[SourceVersion "1"]
[SourceVersionDate "2015.07.17"]
[SourceQuality "1"]

1. d4 Nf6 2. c4 e6 3. Nc3 d5 4. Bg5 Be7 5. Nf3 c6 6. e3 Ne4 7. Nxe4 dxe4 8. Bxe7 Qxe7 9. Nd2 Qb4 10. b3 c5 11. dxc5 f5 12. a3 Qxc5 13. b4 Qe7 14. g3 Nd7 15. Bg2 b6 16. 0-0 Bb7 0-1

[Event "OP-2012-0-02419"]
[Site "LSS email"]
[Date "2012.09.23"]
[Round "?"]
[White "Cvak, Rudolf"]
[Black "Szepe, Aaron"]
[Result "0-1"]
[WhiteElo "1431"]
[BlackElo "1400"]
[PlyCount "31"]
[EventDate "2012.09.19"]
[EventType "tourn (corr)"]
[EventRounds "4"]
[EventCountry "GER"]
[SourceTitle "Corr 2015"]
[Source "ChessBase"]
[SourceDate "2015.07.17"]
[SourceVersion "1"]
[SourceVersionDate "2015.07.17"]
[SourceQuality "1"]

1. e4 c6 2. d4 d5 3. e5 Bf5 4. Nc3 e6 5. g4 Bg6 6. Nge2 c5 7. h4 h6 8. Be3 Nc6 9. dxc5 Nxe5 10. Nf4 d4 11. Bb5+ Ke7 12. Ncd5+ exd5 13. Bxd4 Qa5+ 14. Bc3 Qxb5 15. Nxd5+ Kd7 16. Bxe5 0-1